|
|
|
|
| LEADER |
00000cam a22000004a 4500 |
| 001 |
musev2_62328 |
| 003 |
MdBmJHUP |
| 005 |
20230905050420.0 |
| 006 |
m o d |
| 007 |
cr||||||||nn|n |
| 008 |
181029t20182018ncu o 00 0 eng d |
| 020 |
|
|
|a 9781469646923
|
| 020 |
|
|
|z 9781469646893
|
| 020 |
|
|
|z 9781469646909
|
| 020 |
|
|
|z 9781469646916
|
| 035 |
|
|
|a (OCoLC)1059450541
|
| 040 |
|
|
|a MdBmJHUP
|c MdBmJHUP
|
| 100 |
1 |
|
|a Wall, Cheryl A.,
|e author.
|
| 245 |
1 |
0 |
|a On Freedom and the Will to Adorn :
|b The Art of the African American Essay /
|c Cheryl A. Wall.
|
| 264 |
|
1 |
|a Chapel Hill :
|b University of North Carolina Press,
|c [2018]
|
| 264 |
|
3 |
|a Baltimore, Md. :
|b Project MUSE,
|c 2019
|
| 264 |
|
4 |
|c ©[2018]
|
| 300 |
|
|
|a 1 online resource (288 pages).
|
| 336 |
|
|
|a text
|b txt
|2 rdacontent
|
| 337 |
|
|
|a computer
|b c
|2 rdamedia
|
| 338 |
|
|
|a online resource
|b cr
|2 rdacarrier
|
| 505 |
0 |
|
|a Prologue. Moving from the margins -- On freedom and the will to adorn: the African American essay -- Voices of thunder: nineteenth-century black oratory and the development of the African American essay -- On art and such: debating aesthetics during the Harlem Renaissance -- Stranger at home: James Baldwin on what it means to be an American -- The mystery of American identity: Ralph Ellison -- On women, rights, and writing: June Jordan and Alice Walker -- Epilogue. Essaying in the digital age.
|
| 520 |
|
|
|a "Beginning with the sermons, orations, and writing of nineteenth-century men and women like Frederick Douglass who laid the foundation for the African American essay, Wall examines the genre's evolution through the Harlem Renaissance. She then turns her attention to four writers she regards as among the most influential essayists of the twentieth century: Baldwin, Ellison, June Jordan, and Alice Walker. She closes the book with a discussion of the status of the essay in the twenty-first century as it shifts its medium from print to digital in the hands of writers like Ta-Nehisi Coates and Brittney Cooper. Wall's beautifully written and insightful book is nothing less than a redefinition of how we understand the genres of African American literature."--Publisher's description
|
| 588 |
|
|
|a Description based on print version record.
|
| 650 |
|
7 |
|a Schwarze
|2 gnd
|
| 650 |
|
7 |
|a Essay
|2 gnd
|
| 650 |
|
7 |
|a Essay.
|2 fast
|0 (OCoLC)fst01198491
|
| 650 |
|
7 |
|a African American authors.
|2 fast
|0 (OCoLC)fst00799028
|
| 650 |
|
7 |
|a Essayists.
|2 fast
|0 (OCoLC)fst00915436
|
| 650 |
|
7 |
|a LITERARY CRITICISM
|x American
|x African American.
|2 bisacsh
|
| 650 |
|
7 |
|a LITERARY COLLECTIONS
|x Essays.
|2 bisacsh
|
| 650 |
|
6 |
|a Essai (Genre litteraire)
|
| 650 |
|
6 |
|a Essayistes
|z États-Unis.
|
| 650 |
|
6 |
|a Écrivains noirs americains
|x Histoire et critique.
|
| 650 |
|
0 |
|a Essay.
|
| 650 |
|
0 |
|a Essayists
|z United States.
|
| 650 |
|
0 |
|a African American authors
|x History and criticism.
|
| 651 |
|
7 |
|a USA.
|2 gnd
|
| 651 |
|
7 |
|a United States.
|2 fast
|0 (OCoLC)fst01204155
|
| 655 |
|
7 |
|a Essais.
|2 rvmgf
|
| 655 |
|
7 |
|a Essays.
|2 lcgft
|
| 655 |
|
7 |
|a Criticism, interpretation, etc.
|2 fast
|0 (OCoLC)fst01411635
|
| 655 |
|
7 |
|a Essays.
|2 fast
|0 (OCoLC)fst01919922
|
| 655 |
|
7 |
|a essays.
|2 aat
|
| 655 |
|
2 |
|a Essay
|
| 655 |
|
7 |
|a Electronic books.
|2 local
|
| 710 |
2 |
|
|a Project Muse.
|e distributor
|
| 830 |
|
0 |
|a Book collections on Project MUSE.
|
| 856 |
4 |
0 |
|z Texto completo
|u https://projectmuse.uam.elogim.com/book/62328/
|
| 945 |
|
|
|a Project MUSE - Custom Collection
|
| 945 |
|
|
|a Project MUSE - 2019 Complete
|
| 945 |
|
|
|a Project MUSE - 2019 Literature
|
| 945 |
|
|
|a Project MUSE - 2019 American Studies
|